|
|
|
|
| LEADER |
00000nam a2200000 a 4500 |
| 001 |
vtls008311813 |
| 003 |
SK-MaSNL |
| 005 |
20260301041144.0 |
| 008 |
181127s1958 xo 000 slo |
| 015 |
|
|
|a SKSNBA1959/01-00163
|
| 035 |
|
|
|a SK01SNK19590004030
|
| 035 |
|
|
|a SKM000006493
|
| 040 |
|
|
|a SNK
|b slo
|c SNK
|e AACR2
|
| 041 |
1 |
|
|a slo
|h scc
|
| 044 |
|
|
|a xo
|c SK
|
| 080 |
|
|
|a 886.1-3
|2 1981
|
| 100 |
1 |
|
|a Ćosić, Branimir
|4 aut
|9 342461
|
| 240 |
1 |
0 |
|a Pokošeno pole
|l Slovensky
|
| 245 |
1 |
0 |
|a Skosené pole
|c Branimir Cosic ; zo srbského orig.. "Pokošeno pole", ... Beograd 1947 prel. a doslov a pozn. nap. Viera Fejdiová a Drahotína Topoľská
|
| 260 |
|
|
|a Bratislava
|b SVKL
|c 1958
|e Bratislava
|f Polygrafické závody
|
| 300 |
|
|
|a 464, [4] s.
|c 8°
|
| 490 |
1 |
|
|a Premeň
|v zv. 36
|
| 563 |
|
|
|a 3200 výtl.
|
| 650 |
0 |
7 |
|a romány spoločenské srbské
|2 SNK
|9 342462
|
| 655 |
|
7 |
|a umelecká literatúra
|2 SNKPH
|9 60405
|
| 700 |
1 |
|
|a Fejdiová, Viera,
|d 1912-1969
|4 trl
|9 172074
|
| 700 |
1 |
|
|a Topoľská, Drahotína
|4 trl
|9 342463
|
| 730 |
|
|
|a Pokošeno pole
|9 342464
|
| 830 |
|
0 |
|a Premeň
|9 342465
|
| 852 |
|
|
|a Slovenská národná knižnica v Martine
|b 10000
|h SD 16318
|
| 852 |
|
|
|a Slovenská národná knižnica v Martine
|b 10000
|h SD 16318 D1
|
| 919 |
|
|
|a viaz.
|
| 958 |
|
|
|a OND
|
| 958 |
|
|
|a TL
|
| 958 |
|
|
|a LX
|
| 958 |
|
|
|a RK
|
| 999 |
|
|
|c 587728
|d 589658
|
| 952 |
|
|
|a SNK
|b SNK
|y PREZ
|7 0
|p 17A0597915
|o snkSD 16318
|i snkKSP 4235/58
|0 0
|1 0
|4 0
|d 2008-10-02
|l 0
|r 2025-12-01 00:00:00
|w 2026-02-23
|